BRE Building Elements: foundations, basements and external works. Performance, diagnosis, maintenance, repair and the avoidance of defects (Record no. 101953)

MARC details
000 -LEADER
fixed length control field 01536cam a2200325 4500
008 - FIXED-LENGTH DATA ELEMENTS--GENERAL INFORMATION
fixed length control field 000000n2002 000 0 eng u
020 ## - INTERNATIONAL STANDARD BOOK NUMBER
International Standard Book Number 1860815405
035 ## - SYSTEM CONTROL NUMBER
System control number (Sirsi) u117204
041 ## - LANGUAGE CODE
Language code of text/sound track or separate title eng
050 ## - LIBRARY OF CONGRESS CALL NUMBER
Classification number 624.15
-- 18
100 ## - MAIN ENTRY--PERSONAL NAME
Personal name Harrison, H. W.
245 ## - TITLE STATEMENT
Title BRE Building Elements: foundations, basements and external works. Performance, diagnosis, maintenance, repair and the avoidance of defects
260 ## - PUBLICATION, DISTRIBUTION, ETC.
Place of publication, distribution, etc. London
Name of publisher, distributor, etc. CRC Ltd.
Date of publication, distribution, etc. 2002
300 ## - PHYSICAL DESCRIPTION
Extent vii,254p.
Other physical details ill.
Dimensions 30cm.
350 ## - PRICE (NR) (BK AM CF MU VM SE) [OBSOLETE]
Price 45
490 ## - SERIES STATEMENT
Series statement BRE Building Elements
520 ## - SUMMARY, ETC.
Summary, etc. Primarily about those parts of buildings in direct contact with the ground, including foundations and basements, and external works outside the building footprint but inside the site boundary. Includes information relating to wind and rainfall; various types of ground which might be encountered; characteristics of foundations which need to be used; structural and waterproofing aspects of basements; wastewater and surface water drains; supply of utilities; footpaths and access for vehicles; freestanding walls ; hard and soft landscaping.
650 ## - SUBJECT ADDED ENTRY--TOPICAL TERM
Topical term or geographic name entry element BASEMENTS
650 ## - SUBJECT ADDED ENTRY--TOPICAL TERM
Topical term or geographic name entry element BUILDING DEFECTS
650 ## - SUBJECT ADDED ENTRY--TOPICAL TERM
Topical term or geographic name entry element CELLARS
650 ## - SUBJECT ADDED ENTRY--TOPICAL TERM
Topical term or geographic name entry element CONTAMINATED LAND
650 ## - SUBJECT ADDED ENTRY--TOPICAL TERM
Topical term or geographic name entry element EXTERNAL WORKS
650 ## - SUBJECT ADDED ENTRY--TOPICAL TERM
Topical term or geographic name entry element BUILT ENVIRONMENT-BUILDING ELEMENTS-COMPLETE BUILDING ELEMENTS-FOUNDATIONS
650 ## - SUBJECT ADDED ENTRY--TOPICAL TERM
Topical term or geographic name entry element SITE CONDITIONS
650 ## - SUBJECT ADDED ENTRY--TOPICAL TERM
Topical term or geographic name entry element UNDERGROUND BUILDINGS
690 ## - LOCAL SUBJECT ADDED ENTRY--TOPICAL TERM (OCLC, RLIN)
Topical term or geographic name as entry element BUILT ENVIRONMENT
700 ## - ADDED ENTRY--PERSONAL NAME
Personal name Trotman P. M.
710 ## - ADDED ENTRY--CORPORATE NAME
Corporate name or jurisdiction name as entry element Building Research Establishment
942 ## - ADDED ENTRY ELEMENTS (KOHA)
Suppress in OPAC 0
Holdings
Withdrawn status Lost status Source of classification or shelving scheme Damaged status Not for loan Home library Current library Shelving location Date acquired Cost, normal purchase price Total Checkouts Full call number Barcode Date last seen Date last checked out Copy number Cost, replacement price Price effective from Koha item type
    Dewey Decimal Classification     London London Books 12/12/2003 45.00 25 F624.15 HAR 30068895 06/08/2019 28/08/2009 1 45.00 06/08/2019 Book